| Tag |
First Indicator |
Second Indicator |
Subfields |
| LEADER |
00000cam a22000001 4500 |
| 001 |
in00000032632 |
| 005 |
20151007061825.0 |
| 008 |
720420s1963 nyu b 00010 eng |
| 010 |
|
|
|a 63016628
|
| 035 |
|
|
|a (OCoLC)00180755
|
| 035 |
|
|
|9 AAD3183AM
|
| 040 |
|
|
|a DLC
|c DLC
|d TXA
|d UtOrBLW
|
| 049 |
|
|
|a TXAM
|c [365545]
|
| 050 |
0 |
0 |
|a PS379
|b .B29
|
| 082 |
0 |
|
|a 813.509
|
| 092 |
|
|
|a 813.09
|b B171c
|
| 100 |
1 |
|
|a Balakian, Nona.
|
| 245 |
1 |
4 |
|a The creative present ;
|b notes on contemporary American fiction /
|c Edited by Nona Balakian and Charles Simmons.
|
| 250 |
|
|
|a [1st ed.].
|
| 264 |
|
1 |
|a Garden City, N.Y. :
|b Doubleday,
|c [1963]
|
| 300 |
|
|
|a xx, 265 pages ;
|c 22 cm.
|
| 336 |
|
|
|a text
|b txt
|2 rdacontent
|
| 337 |
|
|
|a unmediated
|b n
|2 rdamedia
|
| 338 |
|
|
|a volume
|b nc
|2 rdacarrier
|
| 504 |
|
|
|a Bibliography: pages [257]-262.
|
| 650 |
|
0 |
|a American fiction
|y 20th century
|x History and criticism.
|
| 700 |
1 |
|
|a Simmons, Charles.
|
| 999 |
|
|
|a MARS
|
| 999 |
f |
f |
|s 6ca293e2-78e0-37df-81e6-86b7a58b5663
|i b72ac090-56c9-347b-9090-ab7500b8f9f8
|t 0
|
| 952 |
f |
f |
|p ric
|a Texas A&M University
|b Rellis Campus
|c Joint Library Facility
|d Remote Storage
|t 0
|e PS379 .B29
|h Library of Congress classification
|i unmediated -- volume
|m A14801256449
|
| 998 |
f |
f |
|a PS379 .B29
|t 0
|l Remote Storage
|